Rǧimen jurd̕ico de la investigacin̤ cientf̕ica la labor investigadora en la universidad /

Detalles Bibliográficos
Autor principal: Cueto Přez, Miriam
Formato: Libro
Lenguaje:español
Publicado: Barcelona : Cedecs, 2002
Colección:Derecho administrativo
Materias:
Acceso en línea:Acceso restringido

MARC

LEADER 00000nam a2200000 a 4500
005 2012022903543.0
007 cr|||| ||||
008 020930s2002 spc|||||| 000 ||spa|c
017 |a DL B. 32360-2002 
020 |a 8495665131 
035 |a 717 
040 |d vLex 
090 |c 3053  |d 3053 
100 1 |a Cueto Přez, Miriam 
245 1 0 |a Rǧimen jurd̕ico de la investigacin̤ cientf̕ica  |h [Recurso electrn̤ico] :  |b la labor investigadora en la universidad /  |c Miriam Cueto Přez 
256 |a Servicio en ln̕ea 
260 |a Barcelona :  |b Cedecs,  |c 2002 
300 |a 1 recurso electrn̤ico 
504 |a Bibliografa̕ 
506 1 |a Contenido solo disponible en los productos indicados  |d vLex Global   |d vLex Global (Academic Edition, excluding Law Schools)   |d vLex Global (U.S. Academic Edition, Law Schools)   |d vLex Global (U.S. Academic Edition, excluding Law Schools)   |d vLex Global (Academic Edition, Law Schools)  
650 0 4 |a Investigacin̤  |x Derecho 
650 0 4 |a Universidades  |x Investigacin̤  |x Derecho  |z Espaą 
740 0 |a vLex Libros (Servicio en ln̕ea) 
830 0 |a Derecho administrativo 
856 4 0 |u http://vlex.com/source/regimen-juridico-investigacion-juridica-717  |z Acceso restringido 
942 |c BOOK